000 00486nam a2200169 i 4500
001 60187
003 ES-MaACL
005 20230906164155.0
007 t|
008 031103s1955 sp ||||1| spa d
100 1 _aErrandonea, Ignacio.
_947427
245 1 0 _aGramática sucinta de la lengua griega /
_cIgnacio Errandonea.
250 _a4ª ed.
260 _aBarcelona :
_bSubirana,
_c1955 (
_fTip. Catalana)
300 _aXIV, 140 p. ;
_c21 cm.
852 _aES-MaACL
_jC-10379
_bR.38337
999 _c60187
_d60187